[Event "Montreal Summer IM"]
[Site "Montreal"]
[Date "2019.08.01"]
[Round "2"]
[White "Giannatos, Peter"]
[Black "Ragnarsson, Dagur"]
[Result "1/2-1/2"]
[WhiteElo "2259"]
[BlackElo "2391"]
[PlyCount "55"]
[EventDate "2019.07.31"]
[EventType "tourn"]
[EventRounds "9"]
[EventCountry "CAN"]
[EventCategory "3"]
[SourceTitle "CBM 191 Extra"]
[Source "ChessBase"]
[SourceDate "2019.09.30"]
[SourceVersion "1"]
[SourceVersionDate "2019.09.30"]
[SourceQuality "1"]

1. d4 Nf6 2. Nf3 g6 3. e3 Bg7 4. Be2 c5 5. dxc5 Na6 6. 0-0 Nxc5 7. c4 0-0 8. b4 Ne6 9. Bb2 a5 10. a3 d6 11. Nc3 Bd7 12. Qb3 Qb6 13. Nd2 Rfc8 14. c5 dxc5 15. Nc4 Qc7 16. bxa5 Rd8 17. a4 Qb8 18. Nb5 Ne4 19. Bxg7 Nxg7 20. Qc2 Nd6 21. Nb6 Rxa5 22. Qxc5 Bxb5 23. axb5 Qa7 24. Rxa5 Qxa5 25. Nd5 Ne6 26. Qc2 Nxb5 27. Bf3 Nbc7 28. Nxc7 1/2-1/2

[Event "Montreal Summer IM"]
[Site "Montreal"]
[Date "2019.08.01"]
[Round "3"]
[White "Rosen, Eric S"]
[Black "Giannatos, Peter"]
[Result "1-0"]
[WhiteElo "2345"]
[BlackElo "2259"]
[PlyCount "73"]
[EventDate "2019.07.31"]
[EventType "tourn"]
[EventRounds "9"]
[EventCountry "CAN"]
[EventCategory "3"]
[SourceTitle "CBM 191 Extra"]
[Source "ChessBase"]
[SourceDate "2019.09.30"]
[SourceVersion "1"]
[SourceVersionDate "2019.09.30"]
[SourceQuality "1"]

1. e4 e6 2. d4 d5 3. exd5 exd5 4. Nf3 Nc6 5. Nc3 Bb4 6. Bd3 Nge7 7. 0-0 Bg4 8. h3 Bh5 9. a3 Bd6 10. Re1 Nxd4 11. g4 Nxf3+ 12. Qxf3 Bg6 13. Nxd5 0-0 14. Bg5 f6 15. Nxe7+ Bxe7 16. Bxg6 fxg5 17. Bxh7+ Kxh7 18. Qe4+ Kh8 19. Qxe7 Qd4 20. Re2 Qxb2 21. Rd1 Rf3 22. Rd8+ Rxd8 23. Qxd8+ Kh7 24. Qxg5 Qxa3 25. Qh5+ Kg8 26. Qd5+ Kh7 27. Re5 Rf6 28. Rh5+ Rh6 29. Qf5+ Kg8 30. Qd5+ Kh7 31. Qe4+ Kh8 32. Re5 Rf6 33. g5 Rf8 34. g6 Qc1+ 35. Kg2 Qh6 36. Re8 Qg5+ 37. Kh2 1-0

[Event "Saint Louis Norm IM"]
[Site "Saint Louis"]
[Date "2019.05.21"]
[Round "9"]
[White "Wu, Rochelle"]
[Black "Giannatos, Peter"]
[Result "1/2-1/2"]
[WhiteElo "2174"]
[BlackElo "2290"]
[PlyCount "153"]
[EventDate "2019.05.16"]
[EventType "tourn"]
[EventRounds "9"]
[EventCountry "USA"]
[EventCategory "3"]
[SourceTitle "CBM 190 Extra"]
[Source "ChessBase"]
[SourceDate "2019.07.15"]
[SourceVersion "1"]
[SourceVersionDate "2019.07.15"]
[SourceQuality "1"]

1. d4 d5 2. c4 e6 3. Nc3 Nf6 4. cxd5 exd5 5. Bg5 Be7 6. e3 c6 7. Bd3 Bg4 8. Qc2 Bh5 9. Nge2 Bg6 10. f3 Nbd7 11. 0-0 0-0 12. Rae1 Re8 13. Nf4 Bxd3 14. Nxd3 Rc8 15. e4 c5 16. e5 cxd4 17. exf6 Nxf6 18. Re5 dxc3 19. Rfe1 Qd7 20. bxc3 Bd8 21. Qb3 h6 22. Be3 b6 23. Rxe8+ Nxe8 24. Nf4 Nf6 25. Rd1 Qc6 26. Bd4 Bc7 27. Nd3 Rd8 28. Nb4 Qd6 29. g3 a5 30. Na6 Nd7 31. Nxc7 Qxc7 32. Qxd5 Nc5 33. Qf5 Ne6 34. Kg2 Qc4 35. Rd2 b5 36. Rb2 Rd5 37. Be5 Qc5 38. f4 Qc6 39. Kh3 f6 40. c4 bxc4 41. Rb8+ Nf8 42. Rc8 Qa6 43. Rc7 Qe6 44. Qxe6+ Nxe6 45. Rc8+ Rd8 46. Rxd8+ Nxd8 47. Bc3 Nc6 48. a3 Kf7 49. Kg4 g6 50. f5 g5 51. Kf3 a4 52. Ke4 Na7 53. Bb2 Nb5 54. Kd5 c3 55. Bc1 c2 56. Kc4 Nd6+ 57. Kc3 Nxf5 58. Kxc2 Ke6 59. Kc3 g4 60. Kb4 h5 61. Kxa4 Kd7 62. Bb2 Ne3 63. Bxf6 Nf1 64. Kb5 Kc8 65. a4 Nxh2 66. Be5 Kb7 67. a5 Nf3 68. Bf4 Nd4+ 69. Kc4 Ne2 70. Be5 Ka6 71. Kd3 Nxg3 72. Bxg3 Kxa5 73. Ke4 Kb5 74. Kf4 Kc4 75. Kg5 Kd5 76. Kxh5 Ke4 77. Kxg4 1/2-1/2

[Event "Saint Louis Norm IM"]
[Site "Saint Louis"]
[Date "2019.05.19"]
[Round "7"]
[White "Rosen, Eric S"]
[Black "Giannatos, Peter"]
[Result "1-0"]
[WhiteElo "2338"]
[BlackElo "2290"]
[PlyCount "51"]
[EventDate "2019.05.16"]
[EventType "tourn"]
[EventRounds "9"]
[EventCountry "USA"]
[EventCategory "3"]
[SourceTitle "CBM 190 Extra"]
[Source "ChessBase"]
[SourceDate "2019.07.15"]
[SourceVersion "1"]
[SourceVersionDate "2019.07.15"]
[SourceQuality "1"]

1. d4 d5 2. c4 e6 3. Nc3 Be7 4. cxd5 exd5 5. Bf4 c6 6. Qc2 Nf6 7. e3 Nbd7 8. Nf3 Nh5 9. Bg3 Nxg3 10. hxg3 Nf6 11. 0-0-0 Bg4 12. Bd3 h6 13. Kb1 0-0 14. Rc1 c5 15. Ne5 Be6 16. f4 Ng4 17. Nxg4 Bxg4 18. Bf5 Bxf5 19. Qxf5 cxd4 20. exd4 Bf6 21. Nxd5 Bxd4 22. Rcd1 Bc5 23. Rxh6 gxh6 24. Nf6+ Kg7 25. Nh5+ Kg8 26. Qg4+ 1-0

[Event "Saint Louis Norm IM"]
[Site "Saint Louis"]
[Date "2019.05.17"]
[Round "2"]
[White "Ezra, Paul Chambers"]
[Black "Giannatos, Peter"]
[Result "0-1"]
[WhiteElo "2241"]
[BlackElo "2290"]
[PlyCount "68"]
[EventDate "2019.05.16"]
[EventType "tourn"]
[EventRounds "9"]
[EventCountry "USA"]
[EventCategory "3"]
[SourceTitle "CBM 190 Extra"]
[Source "ChessBase"]
[SourceDate "2019.07.15"]
[SourceVersion "1"]
[SourceVersionDate "2019.07.15"]
[SourceQuality "1"]

1. e4 e6 2. d4 d5 3. Nc3 Nc6 4. Nf3 Nf6 5. Bg5 Be7 6. e5 Ne4 7. Bxe7 Qxe7 8. Bd3 Nxc3 9. bxc3 Na5 10. 0-0 Bd7 11. Nd2 c5 12. Nb3 b6 13. Nxa5 bxa5 14. c4 dxc4 15. Bxc4 0-0 16. Rb1 Bc6 17. Bb5 Bd5 18. Rb2 Rab8 19. Qd2 c4 20. Rfb1 Rb6 21. c3 Qb7 22. f3 Rb8 23. Qg5 h6 24. Qh4 Kh7 25. a4 a6 26. Qe1 axb5 27. Rxb5 Qc7 28. R1b2 Rxb5 29. axb5 Qb6 30. Qa1 Ra8 31. Qa4 Qd8 32. b6 Qg5 33. Qc2+ g6 34. h3 a4 0-1

[Event "Saint Louis Norm IM"]
[Site "Saint Louis"]
[Date "2019.05.16"]
[Round "1"]
[White "Giannatos, Peter"]
[Black "Gauri, Shankar"]
[Result "0-1"]
[WhiteElo "2290"]
[BlackElo "2375"]
[PlyCount "76"]
[EventDate "2019.05.16"]
[EventType "tourn"]
[EventRounds "9"]
[EventCountry "USA"]
[EventCategory "3"]
[SourceTitle "CBM 190 Extra"]
[Source "ChessBase"]
[SourceDate "2019.07.15"]
[SourceVersion "1"]
[SourceVersionDate "2019.07.15"]
[SourceQuality "1"]

1. Nf3 d5 2. g3 g6 3. Bg2 Bg7 4. 0-0 e5 5. d3 Ne7 6. Nbd2 0-0 7. e4 Nbc6 8. a3 h6 9. b4 dxe4 10. dxe4 a5 11. b5 Nd4 12. Rb1 Be6 13. c3 Nxf3+ 14. Bxf3 Qd3 15. Rb2 Rfd8 16. Be2 Qd6 17. Qa4 Nc8 18. Nc4 Nb6 19. Nxb6 cxb6 20. Be3 Qc7 21. c4 Bf8 22. Rc1 Kh7 23. c5 Bxc5 24. Bxc5 bxc5 25. b6 Qd6 26. Rd1 Qe7 27. Rbd2 Rd4 28. Rxd4 cxd4 29. Rc1 Qd6 30. Qb5 Rd8 31. Bd3 Qxa3 32. Rc7 Qb4 33. Qxb4 axb4 34. Rxb7 Rd6 35. f4 Kg7 36. Rb8 b3 37. Kf2 b2 38. Ke2 Bc4 0-1

[Event "US Masters op"]
[Site "Greensboro"]
[Date "2018.08.20"]
[Round "6"]
[White "Giannatos, Peter"]
[Black "Jacobson, Brandon"]
[Result "0-1"]
[WhiteElo "2274"]
[BlackElo "2472"]
[PlyCount "58"]
[EventDate "2018.08.17"]
[EventType "swiss"]
[EventRounds "9"]
[EventCountry "USA"]
[SourceTitle "CBM 186 Extra"]
[Source "ChessBase"]
[SourceDate "2018.08.24"]
[SourceVersion "1"]
[SourceVersionDate "2018.08.24"]
[SourceQuality "1"]

1. e4 g6 2. d4 Bg7 3. Nc3 d6 4. g3 Nf6 5. Bg2 0-0 6. Nge2 Nbd7 7. 0-0 e5 8. h3 b6 9. dxe5 dxe5 10. Nd5 Nxd5 11. exd5 Ba6 12. Re1 f5 13. f4 Bxe2 14. Rxe2 e4 15. Rb1 b5 16. Be3 Nb6 17. Bxb6 axb6 18. a3 Qd6 19. c3 Rad8 20. Rd2 g5 21. Qf1 gxf4 22. Qxf4 Be5 23. Qg5+ Kh8 24. Rf2 Qg6 25. Qxg6 hxg6 26. g4 Bg3 27. Rff1 Rde8 28. gxf5 gxf5 29. Rfd1 f4 0-1

[Event "US Masters op"]
[Site "Greensboro"]
[Date "2017.08.26"]
[Round "7"]
[White "Matamoros Franco, Carlos S"]
[Black "Giannatos, Peter"]
[Result "1-0"]
[WhiteElo "2488"]
[BlackElo "2272"]
[PlyCount "53"]
[EventDate "2017.08.23"]
[EventType "swiss"]
[EventRounds "9"]
[EventCountry "USA"]
[SourceTitle "CBM 180 Extra"]
[Source "ChessBase"]
[SourceDate "2017.10.06"]
[SourceVersion "1"]
[SourceVersionDate "2017.10.06"]
[SourceQuality "1"]

1. Nf3 d5 2. g3 Nf6 3. Bg2 e6 4. 0-0 Be7 5. d3 c5 6. Nbd2 b6 7. e4 Bb7 8. Re1 Nc6 9. c3 0-0 10. e5 Nd7 11. Nf1 b5 12. h4 a5 13. N1h2 Nb6 14. Ng5 Qe8 15. Ng4 Nd7 16. d4 h6 17. Nh3 Nd8 18. Nf4 Ra6 19. Nh5 f5 20. exf6 Nxf6 21. Nhxf6+ Bxf6 22. dxc5 b4 23. Be3 Qg6 24. Bd4 Nf7 25. h5 Qg5 26. f4 Bxd4+ 27. cxd4 1-0

[Event "US Masters op"]
[Site "Greensboro"]
[Date "2017.08.24"]
[Round "3"]
[White "Hung, Daniel"]
[Black "Giannatos, Peter"]
[Result "0-1"]
[WhiteElo "2104"]
[BlackElo "2272"]
[PlyCount "54"]
[EventDate "2017.08.23"]
[EventType "swiss"]
[EventRounds "9"]
[EventCountry "USA"]
[SourceTitle "CBM 180 Extra"]
[Source "ChessBase"]
[SourceDate "2017.10.06"]
[SourceVersion "1"]
[SourceVersionDate "2017.10.06"]
[SourceQuality "1"]

1. e4 e6 2. d4 d5 3. e5 c5 4. c3 Qb6 5. Nf3 Bd7 6. a3 a5 7. Bd3 a4 8. Qe2 Nc6 9. dxc5 Bxc5 10. 0-0 Nge7 11. Nbd2 Ng6 12. g3 f6 13. Bxg6+ hxg6 14. Qd3 0-0-0 15. exf6 gxf6 16. Qc2 e5 17. b4 axb3 18. Nxb3 Bg4 19. Nxc5 Bxf3 20. Qxg6 Ne7 21. Qd3 e4 22. Qe3 Rxh2 23. Kxh2 Rh8+ 24. Qh6 Rxh6+ 25. Bxh6 Qxc5 26. Be3 d4 27. cxd4 Qh5+ 0-1

[Event "PRO League Stage"]
[Site "Chess.com INT"]
[Date "2017.02.22"]
[Round "7"]
[White "Laylo, Darwin"]
[Black "Giannatos, Peter"]
[Result "1-0"]
[WhiteElo "2445"]
[BlackElo "2284"]
[PlyCount "75"]
[EventDate "2017.01.11"]
[EventType "team-swiss (rapid)"]
[EventRounds "7"]
[EventCountry "USA"]
[SourceTitle "EXT 2018"]
[Source "ChessBase"]
[SourceDate "2017.10.13"]
[SourceVersion "1"]
[SourceVersionDate "2017.10.13"]
[SourceQuality "1"]
[WhiteTeam "New York Knights"]
[BlackTeam "Carolina Cobras"]
[WhiteTeamCountry "USA"]
[BlackTeamCountry "USA"]

1. d4 d5 2. c4 e6 3. Nf3 Nf6 4. Nc3 Be7 5. Bg5 0-0 6. e3 Nbd7 7. Qc2 c5 8. Rd1 cxd4 9. Nxd4 Qa5 10. Nb3 Qb6 11. cxd5 exd5 12. Be2 a5 13. 0-0 a4 14. Nd4 Qa5 15. Nf5 Bb4 16. Nb5 Ne4 17. Be7 Re8 18. Bxb4 Qxb4 19. Nc7 Ndf6 20. Nxe8 Nxe8 21. Rxd5 Bxf5 22. Rxf5 N8f6 23. a3 Qe7 24. Bf3 Nd6 25. Rc5 Qe6 26. Rd1 g6 27. h3 h5 28. Rd4 Kg7 29. Rxa4 Re8 30. Rb4 b5 31. Rf4 Nd7 32. Qc3+ Kg8 33. Bd5 Qe5 34. Qxe5 Rxe5 35. Rc7 g5 36. Rxd7 gxf4 37. Rxd6 fxe3 38. fxe3 1-0

[Event "Southwest Class-ch 8th"]
[Site "Fort Worth"]
[Date "2017.02.20"]
[Round "9"]
[White "Giannatos, Peter"]
[Black "Boros, Denes"]
[Result "0-1"]
[WhiteElo "2284"]
[BlackElo "2444"]
[PlyCount "66"]
[EventDate "2017.02.16"]
[EventType "swiss"]
[EventRounds "9"]
[EventCountry "USA"]
[SourceTitle "EXT 2018"]
[Source "ChessBase"]
[SourceDate "2017.10.13"]
[SourceVersion "1"]
[SourceVersionDate "2017.10.13"]
[SourceQuality "1"]

1. d4 e6 2. Bf4 Nf6 3. e3 b6 4. Nf3 Bb7 5. Bd3 d5 6. Nbd2 Bd6 7. Bg3 0-0 8. 0-0 c5 9. c3 Nc6 10. Ne5 Rc8 11. f4 Ne7 12. Qb1 Rc7 13. Bh4 Ng6 14. Bg5 Qa8 15. Bxf6 gxf6 16. Ng4 f5 17. Ne5 f6 18. Nef3 Kh8 19. Kh1 Rg8 20. Rg1 Qf8 21. Qe1 Qh6 22. Qe2 Rcg7 23. g3 Rc7 24. Rg2 Rcg7 25. Rag1 Ne7 26. Nh4 Bb8 27. Qf1 Nc8 28. Be2 Nd6 29. Qf3 Nc4 30. Qh5 Qxh5 31. Bxh5 Nxb2 32. dxc5 bxc5 33. Nb3 Na4 0-1

[Event "Southwest Class-ch 8th"]
[Site "Fort Worth"]
[Date "2017.02.20"]
[Round "8"]
[White "Javakhadze, Zurab"]
[Black "Giannatos, Peter"]
[Result "1-0"]
[WhiteElo "2469"]
[BlackElo "2284"]
[PlyCount "85"]
[EventDate "2017.02.16"]
[EventType "swiss"]
[EventRounds "9"]
[EventCountry "USA"]
[SourceTitle "EXT 2018"]
[Source "ChessBase"]
[SourceDate "2017.10.13"]
[SourceVersion "1"]
[SourceVersionDate "2017.10.13"]
[SourceQuality "1"]

1. Nf3 d5 2. g3 Nf6 3. Bg2 Bf5 4. 0-0 e6 5. c4 c6 6. d3 h6 7. Be3 Nbd7 8. Qb3 Qc8 9. Nc3 Bd6 10. Rac1 Bh7 11. cxd5 exd5 12. Nb5 Bb8 13. Qa3 Qd8 14. Nd6+ Bxd6 15. Qxd6 Qe7 16. Qc7 Nb6 17. Qf4 0-0 18. Bc5 Qxe2 19. Nd4 Qxd3 20. Rfd1 Qa6 21. Bf1 Qxa2 22. Ba3 Rfe8 23. Ra1 Qxa1 24. Rxa1 Re4 25. Qd2 Nc4 26. Bxc4 dxc4 27. Re1 Rd8 28. Rxe4 Nxe4 29. Qf4 Bg6 30. Nf5 Ng5 31. Kg2 Kh7 32. Nd6 b5 33. h4 Ne6 34. Qf3 b4 35. Bxb4 c5 36. h5 Bd3 37. Nxf7 Rd4 38. Kh2 cxb4 39. Qa8 Nd8 40. Nxd8 Be4 41. Qb8 Rd5 42. g4 Rd2 43. Qf4 1-0

[Event "Southwest Class-ch 8th"]
[Site "Fort Worth"]
[Date "2017.02.19"]
[Round "7"]
[White "Giannatos, Peter"]
[Black "Hong, Andrew Z"]
[Result "1-0"]
[WhiteElo "2284"]
[BlackElo "2387"]
[PlyCount "125"]
[EventDate "2017.02.16"]
[EventType "swiss"]
[EventRounds "9"]
[EventCountry "USA"]
[SourceTitle "EXT 2018"]
[Source "ChessBase"]
[SourceDate "2017.10.13"]
[SourceVersion "1"]
[SourceVersionDate "2017.10.13"]
[SourceQuality "1"]

1. e4 c5 2. Nf3 d6 3. Bb5+ Bd7 4. Bxd7+ Qxd7 5. 0-0 Nf6 6. Qe2 Nc6 7. c3 e6 8. d4 cxd4 9. cxd4 d5 10. e5 Ne4 11. Be3 Be7 12. Ne1 f6 13. f3 Ng5 14. Nd3 Nf7 15. f4 0-0 16. Nd2 f5 17. Nf3 Rac8 18. h3 Rc7 19. g4 Rfc8 20. Rf2 Ncd8 21. Kh1 Qa4 22. Rg2 Kh8 23. Rag1 Nh6 24. a3 Qe8 25. Bd2 Nc6 26. Bc3 b6 27. Qe1 Qd8 28. g5 Ng8 29. g6 Qf8 30. gxh7 Kxh7 31. Qg3 Kh8 32. Qg6 Nd8 33. Qh5+ Nh6 34. Rg6 Rxc3 35. bxc3 Rxc3 36. Nh4 Bxh4 37. Qxh4 Rxd3 38. Rxg7 Qxg7 39. Qxd8+ Ng8 40. Rxg7 Kxg7 41. Qd7+ Kf8 42. Qxe6 Ne7 43. Qf6+ Ke8 44. e6 Rxh3+ 45. Kg2 Rh7 46. Qe5 Kd8 47. Qb8+ Nc8 48. Qa8 Kc7 49. Qxd5 Nd6 50. Qe5 a6 51. d5 Re7 52. Qc3+ Kd8 53. Qc6 Ne8 54. Qxb6+ Kc8 55. Qxa6+ Kc7 56. Qc6+ Kd8 57. a4 Rg7+ 58. Kf1 Ke7 59. a5 Kf8 60. d6 Rg4 61. d7 Rxf4+ 62. Ke1 Re4+ 63. Qxe4 1-0

[Event "Southwest Class-ch 8th"]
[Site "Fort Worth"]
[Date "2017.02.16"]
[Round "1"]
[White "Giannatos, Peter"]
[Black "Li, Ruifeng"]
[Result "0-1"]
[WhiteElo "2284"]
[BlackElo "2561"]
[PlyCount "94"]
[EventDate "2017.02.16"]
[EventType "swiss"]
[EventRounds "9"]
[EventCountry "USA"]
[SourceTitle "EXT 2018"]
[Source "ChessBase"]
[SourceDate "2017.10.13"]
[SourceVersion "1"]
[SourceVersionDate "2017.10.13"]
[SourceQuality "1"]

1. d4 Nf6 2. Bf4 g6 3. e3 Bg7 4. Nf3 d6 5. h3 0-0 6. Be2 b6 7. 0-0 Bb7 8. a4 a5 9. c3 Nbd7 10. Nbd2 e6 11. Bh2 Qe7 12. b4 e5 13. Qb3 Ne4 14. Nxe4 Bxe4 15. Nd2 Bb7 16. Bf3 e4 17. Be2 Kh8 18. bxa5 Rxa5 19. Nc4 Bd5 20. Qb4 Ra7 21. Na3 f5 22. Nb5 Rb7 23. a5 bxa5 24. Qxa5 Nb6 25. Qb4 Qd7 26. Rfb1 Nc8 27. Qa3 Qf7 28. Qc1 g5 29. c4 Bc6 30. Nc3 Rxb1 31. Rxb1 Ne7 32. d5 Ba8 33. Nb5 f4 34. exf4 gxf4 35. Bxf4 Qxf4 36. Qxf4 Rxf4 37. Nxc7 Rf8 38. Ne6 Rc8 39. Bg4 Be5 40. Ng5 Rxc4 41. Nf7+ Kg7 42. Nxe5 dxe5 43. d6 Nc6 44. d7 Rd4 45. Ra1 Bb7 46. Rb1 Na5 47. Rb6 Bc6 0-1

[Event "PRO League Stage"]
[Site "Chess.com INT"]
[Date "2017.02.11"]
[Round "5"]
[White "Sai, Krishna GV"]
[Black "Giannatos, Peter"]
[Result "0-1"]
[WhiteElo "2339"]
[BlackElo "2284"]
[PlyCount "44"]
[EventDate "2017.01.11"]
[EventType "team-swiss (rapid)"]
[EventRounds "7"]
[EventCountry "USA"]
[SourceTitle "CBM 176 Extra"]
[Source "ChessBase"]
[SourceDate "2017.03.02"]
[SourceVersion "1"]
[SourceVersionDate "2017.03.02"]
[SourceQuality "1"]
[WhiteTeam "Amaravati Yodhas"]
[BlackTeam "Carolina Cobras"]
[WhiteTeamCountry "IND"]
[BlackTeamCountry "USA"]

1. Nc3 d5 2. e4 e6 3. d4 Bb4 4. Nge2 Nf6 5. Bg5 h6 6. Bxf6 Qxf6 7. a3 Bxc3+ 8. Nxc3 0-0 9. exd5 exd5 10. Nxd5 Re8+ 11. Be2 Qg5 12. Nxc7 Qxg2 13. Kd2 Qg5+ 14. Kd3 Bf5+ 15. Kc3 Rc8 16. Kb3 Rxc7 17. c4 b5 18. cxb5 Be6+ 19. Kb4 a5+ 20. bxa6 Nxa6+ 21. Bxa6 Rb8+ 22. Ka4 Bd7+ 0-1

[Event "PRO League Atlantic"]
[Site "Chess.com INT"]
[Date "2017.01.25"]
[Round "3"]
[White "Katz, Alexander R"]
[Black "Giannatos, Peter"]
[Result "1/2-1/2"]
[WhiteElo "2335"]
[BlackElo "2284"]
[PlyCount "236"]
[EventDate "2017.01.11"]
[EventType "team-swiss (rapid)"]
[EventRounds "7"]
[EventCountry "USA"]
[SourceTitle "CBM 176 Extra"]
[Source "ChessBase"]
[SourceDate "2017.03.02"]
[SourceVersion "1"]
[SourceVersionDate "2017.03.02"]
[SourceQuality "1"]
[WhiteTeam "New Jersey Knockouts"]
[BlackTeam "Carolina Cobras"]
[WhiteTeamCountry "UAE"]
[BlackTeamCountry "USA"]

1. e4 e6 2. d4 d5 3. Nc3 Nf6 4. Bg5 Be7 5. e5 Nfd7 6. Bxe7 Qxe7 7. f4 0-0 8. Nf3 c5 9. Nb5 Nc6 10. Bd3 f6 11. c3 a6 12. Nd6 cxd4 13. cxd4 Nxd4 14. Nxd4 fxe5 15. fxe5 Nxe5 16. Bxh7+ Kxh7 17. Qh5+ Kg8 18. Qxe5 Qc7 19. Rf1 Bd7 20. Rf3 Qc5 21. Rc3 Qb4 22. 0-0-0 Rf2 23. Nc2 Qa4 24. Qd4 Rxg2 25. Qxa4 Bxa4 26. b3 Bc6 27. Re1 Rf8 28. Rg3 Rxh2 29. Reg1 Rh7 30. Rg6 Rf2 31. Nd4 Kf8 32. Nxe6+ Ke7 33. Nxg7 Rhh2 34. Ngf5+ Kd8 35. Ne3 Rxa2 36. R6g2 Rhxg2 37. Rxg2 Rxg2 38. Nxg2 a5 39. Ne3 b5 40. Ndf5 b4 41. Nd4 Be8 42. Ne6+ Ke7 43. Nc5 Kd6 44. Nb7+ Ke5 45. Nxa5 Kd4 46. Kd2 Bb5 47. Nb7 Bc4 48. Na5 Bxb3 49. Nxb3+ Ke5 50. Kd3 d4 51. Nc4+ Kf4 52. Ncd2 Kf5 53. Kxd4 Kf4 54. Nc4 Kf5 55. Ne3+ Kf4 56. Nd5+ Kf5 57. Nc7 Kf4 58. Ne6+ Kf5 59. Nec5 Kf4 60. Nd3+ Kf5 61. Ke3 Ke6 62. Ke4 Kd6 63. Nf4 Kc6 64. Ke5 Kb5 65. Kd5 Kb6 66. Ne6 Kb7 67. Kd6 Kb6 68. Ned4 Kb7 69. Nf5 Kb6 70. Ne7 Kb5 71. Kd5 Ka4 72. Kc4 Ka3 73. Nd5 Kb2 74. Ne3 Kb1 75. Kd3 Kb2 76. Kc4 Kb1 77. Nd1 Kc2 78. Nf2 Kb2 79. Ng4 Kc2 80. Ne3+ Kb2 81. Nd1+ Kc2 82. Nf2 Kb2 83. Nd3+ Kc2 84. Nf4 Kb2 85. Ne6 Kc2 86. Ned4+ Kd1 87. Kd3 Ke1 88. Ke3 Kd1 89. Kd3 Ke1 90. Ke3 Kd1 91. Kf3 Ke1 92. Kg2 Kd1 93. Kg3 Ke1 94. Kf4 Kf2 95. Ke4 Kg3 96. Ke3 Kg4 97. Ke4 Kg5 98. Kf3 Kg6 99. Kg4 Kf6 100. Kf4 Kg6 101. Nf3 Kf6 102. Ng5 Kg6 103. Kg4 Kf6 104. Kh5 Kf5 105. Kh4 Kf4 106. Ne6+ Kf5 107. Ned4+ Kf4 108. Kh3 Kg5 109. Kg3 Kf6 110. Kf4 Kg6 111. Nf3 Kf6 112. Ne5 Ke6 113. Ng4 Kf7 114. Kf5 Kg7 115. Ne5 Kf8 116. Kf6 Ke8 117. Ke6 Kd8 118. Ng4 Ke8 1/2-1/2

[Event "PRO League Atlantic"]
[Site "Chess.com INT"]
[Date "2017.01.18"]
[Round "2"]
[White "Giannatos, Peter"]
[Black "Shen, Christopher Y"]
[Result "1-0"]
[WhiteElo "2284"]
[BlackElo "2165"]
[PlyCount "77"]
[EventDate "2017.01.11"]
[EventType "team-swiss (rapid)"]
[EventRounds "7"]
[EventCountry "USA"]
[SourceTitle "CBM 176 Extra"]
[Source "ChessBase"]
[SourceDate "2017.03.02"]
[SourceVersion "1"]
[SourceVersionDate "2017.03.02"]
[SourceQuality "1"]
[WhiteTeam "Carolina Cobras"]
[BlackTeam "Columbus Cardinals"]
[WhiteTeamCountry "USA"]
[BlackTeamCountry "USA"]

1. d4 d6 2. Nf3 g6 3. e3 Bg7 4. Be2 Nf6 5. 0-0 0-0 6. b4 Nbd7 7. Bb2 c6 8. c4 Qc7 9. Nc3 e5 10. Qb3 Re8 11. Rfd1 Nf8 12. Rac1 e4 13. Nd2 Qe7 14. Bf1 Bg4 15. Re1 h5 16. b5 N8h7 17. Qa4 Bd7 18. Ba3 Ng5 19. bxc6 bxc6 20. Qb4 Bf8 21. Rb1 Ng4 22. h3 Nf6 23. Qa5 Bc8 24. Qxg5 Kh7 25. f4 Bh6 26. Qg3 Bf5 27. Rb3 Rg8 28. Qf2 Qe6 29. Rb7 g5 30. d5 cxd5 31. cxd5 Qc8 32. Rxf7+ Kg6 33. Rxf6+ Kxf6 34. Ndxe4+ Kg6 35. fxg5 Bxg5 36. Nxd6 Qxc3 37. Qxf5+ Kh6 38. Nf7+ Kg7 39. Nxg5 1-0

[Event "PRO League Atlantic"]
[Site "Chess.com INT"]
[Date "2017.01.11"]
[Round "1"]
[White "Giannatos, Peter"]
[Black "Vovk, Andrey"]
[Result "0-1"]
[WhiteElo "2284"]
[BlackElo "2633"]
[PlyCount "136"]
[EventDate "2017.01.11"]
[EventType "team-swiss (rapid)"]
[EventRounds "7"]
[EventCountry "USA"]
[SourceTitle "CBM 176 Extra"]
[Source "ChessBase"]
[SourceDate "2017.03.02"]
[SourceVersion "1"]
[SourceVersionDate "2017.03.02"]
[SourceQuality "1"]
[WhiteTeam "Carolina Cobras"]
[BlackTeam "Philadelphia Inventors"]
[WhiteTeamCountry "USA"]
[BlackTeamCountry "UAE"]

1. d4 Nf6 2. Bf4 e6 3. e3 c5 4. c3 Nc6 5. Nd2 b6 6. Ngf3 Bb7 7. Bd3 Be7 8. h3 0-0 9. 0-0 Rc8 10. a3 h6 11. Qe2 d5 12. Rae1 a5 13. Ne5 Nd7 14. Nxc6 Bxc6 15. Ba6 Ra8 16. Bb5 Qc8 17. Nf3 c4 18. Bxc6 Qxc6 19. Ne5 Nxe5 20. Bxe5 b5 21. Qg4 f6 22. Bf4 Kh7 23. f3 b4 24. axb4 axb4 25. e4 dxe4 26. fxe4 Ra2 27. Bc1 bxc3 28. bxc3 Rc2 29. d5 exd5 30. Qf5+ g6 31. Qxd5 Qxd5 32. exd5 Rf7 33. Rf3 f5 34. Bf4 Bf6 35. Be5 Re7 36. Rfe3 Bg5 37. Bf4 Rxe3 38. Bxe3 Rxc3 39. Bxg5 hxg5 40. Rd1 Ra3 41. d6 Ra8 42. Rc1 Rc8 43. Kf2 Kg7 44. d7 Rd8 45. Rxc4 Rxd7 46. Rc6 Rd2+ 47. Kg1 Kh6 48. Kh2 Rd3 49. Rc7 Rd2 50. Rc6 f4 51. Kg1 g4 52. hxg4 Kg5 53. Re6 Ra2 54. Rc6 Kh4 55. Rc3 Kxg4 56. Rb3 g5 57. Rc3 Re2 58. Rb3 Re3 59. Rb1 Kg3 60. Rf1 g4 61. Ra1 Rc3 62. Rd1 Rc2 63. Rd3+ f3 64. gxf3 gxf3 65. Rd1 Rg2+ 66. Kf1 Rh2 67. Kg1 f2+ 68. Kf1 Rh1+ 0-1

[Event "PRO League Atlantic"]
[Site "Chess.com INT"]
[Date "2017.01.11"]
[Round "1"]
[White "Minear, Peter"]
[Black "Giannatos, Peter"]
[Result "0-1"]
[WhiteElo "2209"]
[BlackElo "2284"]
[PlyCount "68"]
[EventDate "2017.01.11"]
[EventType "team-swiss (rapid)"]
[EventRounds "7"]
[EventCountry "USA"]
[SourceTitle "CBM 176 Extra"]
[Source "ChessBase"]
[SourceDate "2017.03.02"]
[SourceVersion "1"]
[SourceVersionDate "2017.03.02"]
[SourceQuality "1"]
[WhiteTeam "Philadelphia Inventors"]
[BlackTeam "Carolina Cobras"]
[WhiteTeamCountry "UAE"]
[BlackTeamCountry "USA"]

1. e4 e6 2. d4 d5 3. Nd2 Nf6 4. e5 Nfd7 5. Bd3 c5 6. c3 Nc6 7. Ngf3 h6 8. 0-0 g5 9. dxc5 Bg7 10. Nb3 Ndxe5 11. Re1 0-0 12. Bc2 Nxf3+ 13. Qxf3 e5 14. Be3 Be6 15. Rad1 Qf6 16. Qh5 Rad8 17. f3 Ne7 18. h4 gxh4 19. Bf2 Ng6 20. Bxg6 fxg6 21. Qxh4 g5 22. Qh2 Rd7 23. Bg3 e4 24. Nd4 exf3 25. Rxe6 Qf7 26. Re3 f2+ 27. Kf1 Bxd4 28. cxd4 Qg6 29. Re2 Rdf7 30. Be5 Qa6 31. b3 Qg6 32. Qh3 g4 33. Qh4 Rf5 34. Qg3 Qh5 0-1